[Event "Robert Byrne Memorial IM"]
[Site "Naperville"]
[Date "2023.01.19"]
[Round "3"]
[White "Zaloznyy, Mike"]
[Black "Moskow, Eric"]
[Result "0-1"]
[WhiteElo "2190"]
[BlackElo "2125"]
[PlyCount "126"]
[EventDate "2023.01.18"]
[EventType "tourn"]
[EventRounds "9"]
[EventCountry "USA"]
[SourceTitle "CBM 212 Extra"]
[Source "ChessBase"]
[SourceDate "2023.03.31"]
[SourceVersion "1"]
[SourceVersionDate "2023.03.31"]
[SourceQuality "1"]

1. Nf3 Nf6 2. g3 d5 3. Bg2 Bf5 4. 0-0 e6 5. c4 c6 6. Qb3 Qb6 7. d3 Nbd7 8. cxd5 exd5 9. Qc2 Qc5 10. Qc3 Bd6 11. a3 Qxc3 12. Nxc3 0-0 13. e4 dxe4 14. Nh4 Be6 15. dxe4 Nc5 16. Bg5 Be5 17. Be3 Nb3 18. Rad1 Ng4 19. Bf4 Bc4 20. Bxe5 Bxf1 21. Bd6 Bxg2 22. Bxf8 Bxe4 23. Be7 Bc2 24. Rd7 b6 25. f4 Ne3 26. Kf2 Nc4 27. Nf3 f6 28. g4 Nxb2 29. Ne1 Bg6 30. f5 Be8 31. Rc7 Nc4 32. Ne4 Nbd2 33. Nxd2 Nxd2 34. Nd3 h5 35. gxh5 Bxh5 36. Rxc6 Bg4 37. Ke3 Re8 38. Rc7 Kf7 39. Ne5+ fxe5 40. Bg5+ Kg8 41. f6 gxf6 42. Bxf6 Nf1+ 43. Kf2 Nxh2 44. Kg3 Re6 45. Bh4 Nf3 46. Kxg4 Nxh4 47. Kxh4 e4 48. Rc2 e3 49. Re2 Kf7 50. Kg4 Ke7 51. Kf3 Kd6 52. Rxe3 Rxe3+ 53. Kxe3 Kd5 54. Kd3 b5 55. Kc3 Kc5 56. Kb3 a6 57. Kc3 a5 58. Kd3 Kd5 59. Kc3 Ke4 60. Kb3 Kd3 61. a4 b4 62. Kb2 Kc4 63. Ka2 Kc3 0-1